• 首页
  • 本馆介绍
  • 公告通知
  • 最新文献
  • 馆藏检索
  • 电子资源
  • 读者导购
  • 参考咨询
  • 我的图书馆
  • 登录
  • 详细信息显示
  • 放入我的书架
  • 预约/预借图书
  • 作者相关作品
  • 分类相关作品
  • 丛书相关作品
  • 出版社相关作品

书目信息

  • 表格格式
  • 工作单格式
  • 卡片格式
题名:
易碎的绝对
    
 
作者: 齐泽克 著 ;蒋桂琴 , 胡大平 译
分册:  
出版信息: 南京   江苏人民出版社  2004
页数: 153页
开本: 21cm
丛书名: 齐泽克文集
单 册:
中图分类: B565.5 , B565.59
科图分类:
主题词: 基督教--研究 , 哲学--欧洲 , 哲学思想
电子资源:
ISBN: 7-214-03660-6
000 01358oam2 2200349 450
001 1132248232
005 20111004085843.90
010    @a7-214-03660-6@dCNY11.00
100    @a20040713d2004 emky0chiy50 ea
101 1  @achi@ceng
102    @aCN@b320000
105    @ay z 000yy
200 1  @a易碎的绝对@9yi sui de jue dui@e基督教遗产为何值得奋斗?@f(斯洛文)斯拉沃热·齐泽克(Slavoj Zizek)著@g蒋桂琴,胡大平译
210    @a南京@c江苏人民出版社@d2004
215    @a153页@d21cm
225 2  @a齐泽克文集
330    @a本书通过大量地引证电影、文学等大众文化,对“基督教遗产为何值得奋斗”这一问题进行了大胆而积极的论证,他认为基督教遗产的颠覆性核心是如此珍贵,不能把他交给原教旨主义。
461  0 @12001 @a齐泽克文集
510 1  @aThe Fragile Absolute@eor,Why is the Christian Legacy Worth Fighting for?@zeng
517 1  @a基督教遗产为何值得奋斗?@9ji du jiao yi chan wei he zhi de fen dou ?
600  0 @a拉康@c(Lacan, Jacques@f1901~1981)@x哲学思想@x研究
600  0 @a拉康@c(Lacan, Jacques@f1901~1981)
606 0  @a基督教@x研究
606 0  @a哲学@x欧洲
606 0  @a哲学思想
690    @aB565.5@v4
690    @aB565.59@v4
701  0 @c(斯洛文)@a齐泽克@9qi ze ke@c(Zizek, Slavoj)@4著
702  0 @a蒋桂琴@9jiang gui qin@4译
702  0 @a胡大平@9hu da ping@c(哲学)@4译
801  0 @aCN@b91MARC@c20101222
905    @a10447@dB565.5@eJY122
    
    易碎的绝对:基督教遗产为何值得奋斗?/(斯洛文)斯拉沃热·齐泽克(Slavoj Zizek)著/蒋桂琴,胡大平译.-南京:江苏人民出版社,2004
    153页;21cm.-(齐泽克文集)
    
    
    ISBN 7-214-03660-6:CNY11.00
    本书通过大量地引证电影、文学等大众文化,对“基督教遗产为何值得奋斗”这一问题进行了大胆而积极的论证,他认为基督教遗产的颠覆性核心是如此珍贵,不能把他交给原教旨主义。
●
相关链接 在E读中查询图书 在五车中查询图书 在当当中查询图书 在豆瓣中查询图书


正题名:易碎的绝对     索取号:B565.5/JY122         预约/预借

序号 登录号 条形码 馆藏地/架位号 状态 备注
1 7809873   278098737   学院路分馆/ [索取号:B565.5/JY122] 在馆    
2 7809874   278098746   学院路分馆/ [索取号:B565.5/JY122] 在馆    
唐山师范学院图书馆 欢迎您!
大连网信软件有限公司© 版权所有